Statistics for Title in the Lyrics -- Songs That Start With T

Click here to take the quiz!

General Stats

  • This quiz has been taken 517 times
  • The average score is 7 of 15

Answer Stats

Lyrics Title % Correct
____ __ __ (____ __ __) / Take me on (____ __ __) / I'll be gone / In a day or twoTake On Me
75%
But I see your ____ ______ / Shining through / I see your ____ ______ / And that's why I love youTrue Colors
73%
With a taste of a poison paradise / I’m addicted to you / Don’t you know that you’re _____Toxic
71%
Tonight, Imma fight / 'Til we see the sunlight / ___ ___, on the clock / But the party don't stop noTik Tok
71%
From that ______ ____ down the road / I wear your granddad's clothes / I look incredibleThrift Shop
70%
Been around the world, don't speak the language / But your booty don't need explaining / All I really need to understand is / When you ____ _____ to meTalk Dirty
65%
Hold me closer ____ ______ / Count the headlights on the highway / Lay me down in sheets of linen / You had a busy day todayTiny Dancer
57%
If you're lost you can look - and you will find me / ____ _____ ____ / If you fall I will catch you - I'll be waiting / ____ _____ ____Time After Time
56%
You make me feel / Like I'm livin' a / _______ _____ / The way you turn me onTeenage Dream
49%
'Cause I'm just a _______ _______ baby / Yeah, I'm just a _______ _______ baby / Listen to Iron Maiden maybe with meTeenage Dirtbag
45%
Well, shake it up, baby, now (Shake it up, baby) / _____ ___ _____ (_____ ___ _____)Twist and Shout
41%
____ __ ____, ____ __ ____ / Don't let the sound of your own wheels / Make you crazyTake It Easy
21%
____ __ ____ _______ / I don't want to let you go 'til you see the lightTake Me Home Tonight
10%
It's the ____ __ ___ ______ / When love runs high / In this time, give it to me easy / And let me try with pleasured handsTime of the Season
8%
_____ __ ___ __ ______ / T-_____ __ ___ __ ______ / Everybody love me / Er-Everybody love meTeach Me How to Dougie
8%

Score Distribution

Percentile by Number Answered

Percent of People with Each Score

Your Score History

You have not taken this quiz